00718nam a2200241 a 4500001001300000003000900013005001700022008004100039020001000080082001700090100002700107245001800134260004900152300000900201500003500210505002800245650002400273700002700297902000800324942000700332952012000339999001700459nice12345678IN_TiNIC20260116015224.0050524s1999 teha grp 000 0 per  ac10000a491.553bMUQ aMuqaddam, Ahmad Safaar aFaarsi Umoomi aTehranbMinistry of Islamic Progagaionc1999 a347p aincludes index and biblioraphy2 aEnglish, Hindi and Urdu aPersian Course Book1 aMuqaddam, Ahmad Safaar bSRS cBK 001040708StackRoom-aHMIbHMId2007-06-12g100.00l0o491.553 MUQp11001101r2007-06-12v100.00w2005-05-24yBK c18811d18811